| 000 | 01154pam a2200373 a 4500 | ||
|---|---|---|---|
| 001 | 1070668 | ||
| 003 | OSt | ||
| 005 | 20140310182803.0 | ||
| 008 | 910625s1992 paua b 001 0 eng c | ||
| 010 | _a 91025565 | ||
| 020 | _a0397548826 (hardcover) | ||
| 020 | _a0397548834 (pbk.) | ||
| 040 |
_aDNLM/DLC _cDLC _dDLC |
||
| 050 | 0 | 0 |
_aQP 36 _b.M54 1992 |
| 100 | 1 | _aMemmler, Ruth Lundeen. | |
| 245 | 1 | 0 |
_aStructure and function of the human body / _cRuth L. Memmler, Barbara Janson Cohen, Dena Lin Wood. |
| 250 | _a5th ed. | ||
| 260 |
_aPhiladelphia : _bLippincott, _c1992. |
||
| 300 |
_a314 p. : _bill. (some col.) ; _c26 cm. |
||
| 504 | _aIncludes bibliographical references (p. 269-270) and index. | ||
| 521 | _aNUR | ||
| 562 | _eFor circulation. 1 copy available in the collection | ||
| 650 | 0 | _aHuman physiology. | |
| 650 | 0 | _aHuman anatomy. | |
| 650 | 0 | _aHuman body. | |
| 650 | 2 | _aAnatomy. | |
| 650 | 2 | _aPhysiology. | |
| 700 | 1 | _aCohen, Barbara J. | |
| 700 | 1 | _aWood, Dena Lin. | |
| 906 |
_a7 _bcbc _corignew _d1 _eocip _f19 _gy-gencatlg |
||
| 942 |
_2lcc _cBK _kFOR |
||
| 999 |
_c16030 _d16030 |
||